000
00338 a2200109 4500
001
ART_5888
005
20260410161828.0
008
260409a
245
1
0
_a
Los valores y la ética en la ciencia económica
100
1
_a
Montuschi, Luisa
773
0
_t
Estudios Económicos
_g
- Vol. 25, Nº 51 (jul./dic. 2008)
_w
REV5080
999
_c
22996
_d
22996